zpět

Detail výsledku týmu

Bowling pub, Vyškov

Datum a čas kvízu

33 Celkem bodů Celkový počet nahraných bodů na tomto kvízu bez doplňovacích otázek.
10. Pořadí na kvízu Konečné umístění týmu na tomto kvízu.

Zaznamenané odpovědi

# Otázka Odpověď Body Výsledky
1. Minulý týden byli jmenováni dv... D 0
2. Malajsie a Indonésie se jako p... Grok 1
3. Jakub Hrůša získal minulý týde... dirigent (hudební ředitel) 1
4. Mladoboleslavská automobilka p... Epiq; Peaq 0.5
5. Půl bodu získáte za jméno česk... Jakub Menšík, oštěp 0
6. Vaším úkolem v tématu bude odh... červenou, bílou 1
7. Teď se podíváme na domácí fotb... tři 1
8. Pojďme na hokej. Lev v logu BK... zelená 1
9. Na základě zobrazených barev l... New York Knicks 0
10. Které americké město oslavuje... Pittsburgh 0